Qué es un santo?: cuándo lo es y por qué?

Guardat en:
Dades bibliogràfiques
Autor principal: Nadal, Juan (autor)
Format: Llibre
Idioma:espanyol
Publicat: Madrid Ciudad Nueva 1999
Matèries:
Etiquetes: Afegir etiqueta
Sense etiquetes, Sigues el primer a etiquetar aquest registre!

MARC

LEADER 00000nam a2200000 a 4500
001 UCO8865
003 CL-VaPUC
008 010105e19990000SP |||||||||||||||||spa|d
082 0 4 |a 235.2  |b NAD  |2 21 
100 |a Nadal, Juan  |e autor  |9 453755 
245 1 0 |a Qué es un santo?: cuándo lo es y por qué? 
300 |a 87 p 
942 |c BK 
945 |d 20010105 00:00:00  |a vberengu 
260 |a Madrid  |b Ciudad Nueva  |c 1999 
650 0 |a Creencia Religiosa  |9 316904 
650 0 |a Personas no religiosas  |9 349308 
650 0 |a Teología   |9 258766 
583 |a last modification  |c 20010105 00:00:00  |k Rodrigo Vera 
999 |c 293292  |d 293290 
952 |0 0  |1 0  |4 0  |6 235_200000000000000_NAD_1999  |7 0  |8 A  |9 344747  |a BIBTEO  |b BIBTEO  |d 2019-11-20  |i 3678512  |o 235.2 NAD 1999  |p 3678512  |r 2025-01-17  |w 2019-11-20  |y BK  |k ICR